| 000 | 00319nam a22001217a 4500 | ||
|---|---|---|---|
| 082 | _a658.5 BLU | ||
| 100 |
_aBLUM, MILTON L. _960576 |
||
| 245 | _aREADINGS IN EXPERIMENTAL INDUSTRIAL PSYCHOLOGY | ||
| 260 |
_bPRENTICD HALL _c1952 |
||
| 300 | _a454P | ||
| 650 |
_aEXPERIMENTAL INDUSTRIAL PSYCHOLOGY _960577 |
||
| 942 | _cBK | ||
| 999 |
_c570272 _d570272 |
||